[Event "Montigny le Bretonneux 1hKO 20th"]
[Site "Montigny le Bretonneux"]
[Date "2016.05.07"]
[Round "5.15"]
[White "Fosse, Jean Claude"]
[Black "Le Doussal, Steven"]
[Result "1/2-1/2"]
[WhiteElo "1442"]
[BlackElo "1465"]
[PlyCount "81"]
[EventDate "2016.05.05"]
[EventType "swiss"]
[EventRounds "7"]
[EventCountry "FRA"]
[SourceTitle "EXT 2024"]
[Source "ChessBase"]
[SourceDate "2023.10.10"]
[SourceVersion "1"]
[SourceVersionDate "2023.10.10"]
[SourceQuality "1"]

1. d4 Nf6 2. Bf4 b6 3. e3 Bb7 4. Nf3 g6 5. c4 Bg7 6. Be2 0-0 7. 0-0 c5 8. Nc3 cxd4 9. Nxd4 d6 10. Bf3 Qc8 11. Bxb7 Qxb7 12. Qf3 Qxf3 13. Nxf3 Nh5 14. Nd5 Nc6 15. Rab1 e6 16. Nc7 Rac8 17. Bxd6 Rfd8 18. Rfd1 Rd7 19. Na6 Rcd8 20. Ne1 Rxd6 21. Rxd6 Rxd6 22. Kf1 Rd2 23. g4 Nf6 24. a3 Ne4 25. b4 Nxf2 26. Rb3 Nxg4 27. Nf3 Nxh2+ 28. Nxh2 Rxh2 29. Nc7 Ne5 30. c5 Nc4 31. Kg1 Rc2 32. Rd3 Bh6 33. Ne8 Bxe3+ 34. Kh1 f5 35. c6 Bf4 36. Rd7 Rc1+ 37. Kg2 Rc2+ 38. Kh1 Ne5 39. Nf6+ Kf8 40. Nxh7+ Kg8 41. Nf6+ 1/2-1/2

[Event "Montigny le Bretonneux 1hKO 20th"]
[Site "Montigny le Bretonneux"]
[Date "2016.05.05"]
[Round "3.11"]
[White "Fosse, Jean Claude"]
[Black "Mongey, Alain"]
[Result "1/2-1/2"]
[WhiteElo "1442"]
[BlackElo "1572"]
[PlyCount "73"]
[EventDate "2016.05.05"]
[EventType "swiss"]
[EventRounds "7"]
[EventCountry "FRA"]
[SourceTitle "EXT 2024"]
[Source "ChessBase"]
[SourceDate "2023.10.10"]
[SourceVersion "1"]
[SourceVersionDate "2023.10.10"]
[SourceQuality "1"]

1. d4 d5 2. Bf4 Nf6 3. e3 Bg4 4. Nf3 e6 5. Nbd2 Nbd7 6. h3 Bh5 7. Bd3 c5 8. c3 c4 9. Bc2 b5 10. a3 a5 11. 0-0 Be7 12. e4 0-0 13. e5 Ne8 14. Qc1 f6 15. exf6 Bxf6 16. Re1 Qb6 17. Bg5 h6 18. Bxf6 Rxf6 19. Ne5 Nxe5 20. Rxe5 Bg6 21. Bxg6 Rxg6 22. Nf3 Nd6 23. Nh4 Rf6 24. f3 Raf8 25. Qc2 Nf5 26. Nxf5 Rxf5 27. Rae1 Rxe5 28. Rxe5 Rf6 29. Qe2 Qc6 30. Qf2 b4 31. axb4 axb4 32. Qc2 b3 33. Qf2 Qa6 34. Qe2 Kf7 35. Qf2 Qa1+ 36. Re1 Qa6 37. h4 1/2-1/2

[Event "Saint Affrique op 22nd"]
[Site "Saint Affrique"]
[Date "2014.07.20"]
[Round "2"]
[White "Fosse, Jean Claude"]
[Black "Raynal, Bertille"]
[Result "1-0"]
[WhiteElo "1465"]
[BlackElo "1090"]
[PlyCount "31"]
[EventDate "2014.07.19"]
[EventType "swiss"]
[EventRounds "9"]
[EventCountry "FRA"]
[SourceTitle "CBM 161 Extra"]
[Source "ChessBase"]
[SourceDate "2014.08.29"]
[SourceVersion "1"]
[SourceVersionDate "2014.08.29"]
[SourceQuality "1"]

1. e4 e5 2. Nf3 Bd6 3. Bc4 Nc6 4. c3 Bc5 5. 0-0 d6 6. d3 Nf6 7. Bg5 0-0 8. Nbd2 Bg4 9. h3 Bxf3 10. Nxf3 a5 11. a4 Qd7 12. Bxf6 gxf6 13. Nh4 Rfe8 14. Nf5 b6 15. Qg4+ Kf8 16. Qg7# 1-0

[Event "Montigny le Bretonneux op 17th"]
[Site "Montigny le Bretonneux"]
[Date "2013.05.18"]
[Round "4"]
[White "Fosse, Jean Claude"]
[Black "McIntosh, Antoine"]
[Result "1-0"]
[WhiteElo "1443"]
[BlackElo "1110"]
[PlyCount "73"]
[EventDate "2013.05.18"]
[EventType "swiss"]
[EventRounds "9"]
[EventCountry "FRA"]
[SourceTitle "EXT 2014"]
[Source "ChessBase"]
[SourceDate "2013.11.20"]
[SourceVersion "1"]
[SourceVersionDate "2013.11.20"]
[SourceQuality "1"]

1. e4 e5 2. Nf3 Nc6 3. Bc4 Bc5 4. c3 Nf6 5. d3 Ng4 6. Bxf7+ Kxf7 7. Ng5+ Ke7 8. Qxg4 d6 9. Qe2 Qf8 10. 0-0 Qf6 11. Nf3 Bg4 12. Nbd2 Raf8 13. h3 Bh5 14. g4 Bxg4 15. hxg4 Qf4 16. Nh2 Rf6 17. Ndf3 Bxf2+ 18. Rxf2 Qg3+ 19. Rg2 Qh3 20. Bg5 Rhf8 21. Bxf6+ Rxf6 22. Rf1 Rh6 23. Ng5 Qh4 24. Rf7+ Kd8 25. Rxg7 Ne7 26. Nf7+ Kd7 27. Nxh6 Qxh6 28. Rf7 Qg6 29. Qf2 h5 30. Qf5+ Qe6 31. gxh5 Kc6 32. Qxe6 Nc8 33. Qxc8 d5 34. Rxc7+ Kb6 35. Qxb7+ Ka5 36. Qb4+ Ka6 37. Rc6# 1-0

[Event "Saint Affrique op 19th"]
[Site "Saint Affrique"]
[Date "2011.07.23"]
[Round "1"]
[White "Fosse, Jean Claude"]
[Black "Ferrandi, Bernard"]
[Result "1-0"]
[WhiteElo "1366"]
[BlackElo "1839"]
[PlyCount "103"]
[EventDate "2011.07.23"]
[EventType "swiss"]
[EventRounds "9"]
[EventCountry "FRA"]
[SourceTitle "CBM 143 Extra"]
[Source "ChessBase"]
[SourceDate "2011.08.29"]
[SourceVersion "1"]
[SourceVersionDate "2011.08.29"]
[SourceQuality "1"]

1. e4 e5 2. Nf3 Nc6 3. Bb5 a6 4. Ba4 b5 5. Bb3 Na5 6. c3 Nxb3 7. axb3 d6 8. 0-0 Bg4 9. Qe2 c6 10. d4 Qf6 11. Nbd2 exd4 12. e5 dxe5 13. Qxe5+ Qxe5 14. Nxe5 dxc3 15. bxc3 Bd7 16. Nxd7 Kxd7 17. Ne4 f5 18. Rd1+ Kc7 19. Bf4+ Kc8 20. Nd6+ Bxd6 21. Rxd6 Ne7 22. Be5 Rg8 23. f4 g5 24. Bf6 Nd5 25. Rxc6+ Kb7 26. Rd6 Nxf4 27. Rd7+ Kc8 28. Rxh7 Rf8 29. Bxg5 Ne6 30. Be7 Rg8 31. Rf1 f4 32. Bd6 f3 33. Rxf3 Rd8 34. Rd3 Re8 35. Kf2 a5 36. c4 bxc4 37. bxc4 Ra6 38. c5 Rc6 39. Rb3 Rxd6 40. cxd6 Rf8+ 41. Ke3 Rd8 42. d7+ Kc7 43. Rc3+ Kb7 44. Rc8 a4 45. Rxd8 Nxd8 46. Kd3 Kc7 47. Kc3 Nc6 48. h4 Kd8 49. h5 Ne5 50. Rg7 a3 51. Kb3 Nc4 52. h6 1-0

[Event "Montigny le Bretonneux-C 9th"]
[Site "Montigny le Bretonneux"]
[Date "2010.10.29"]
[Round "7"]
[White "Guillet, Jacques"]
[Black "Fosse, Jean Claude"]
[Result "0-1"]
[WhiteElo "1568"]
[BlackElo "1364"]
[PlyCount "48"]
[EventDate "2010.10.23"]
[EventType "swiss"]
[EventRounds "9"]
[EventCountry "FRA"]
[SourceTitle "EXT 2011"]
[Source "ChessBase"]
[SourceDate "2010.11.26"]
[SourceVersion "1"]
[SourceVersionDate "2010.11.26"]
[SourceQuality "1"]

1. e4 c5 2. c3 Nc6 3. d4 cxd4 4. cxd4 e6 5. Nc3 d5 6. exd5 exd5 7. Nf3 Bb4 8. Bd3 Bg4 9. Be3 Nf6 10. 0-0 0-0 11. h3 Bd7 12. Ne5 Bxc3 13. Nxc6 bxc6 14. bxc3 Ne4 15. Qc2 f5 16. f4 Qe7 17. a4 a5 18. Bc1 Qh4 19. Ba3 Rf7 20. Rab1 Re8 21. Rb7 g5 22. Bxe4 fxe4 23. fxg5 Rxf1+ 24. Kxf1 Bf5 0-1

[Event "Montigny le Bretonneux-C 8th"]
[Site "Montigny le Bretonneux"]
[Date "2009.10.30"]
[Round "7"]
[White "Fosse, Jean Claude"]
[Black "Guillet, Jacques"]
[Result "1-0"]
[WhiteElo "1373"]
[BlackElo "1555"]
[PlyCount "29"]
[EventDate "2009.10.24"]
[EventType "tourn"]
[EventRounds "9"]
[EventCountry "FRA"]
[SourceTitle "EXT 2011"]
[Source "ChessBase"]
[SourceDate "2010.11.26"]
[SourceVersion "1"]
[SourceVersionDate "2010.11.26"]
[SourceQuality "1"]

1. e4 e6 2. d3 d5 3. Nd2 Nf6 4. Ngf3 dxe4 5. dxe4 Nc6 6. Bb5 Bd7 7. 0-0 Bc5 8. Nb3 Nxe4 9. Qe1 f5 10. Nxc5 Nxc5 11. Bg5 Qc8 12. Bxc6 Bxc6 13. Qe5 Ne4 14. Qxg7 Nxg5 15. Qxh8+ 1-0